Online Catalogue and eLibrary

Pin navenaththuvamum alakiyalum (Record no. 728)

MARC details
000 -LEADER
fixed length control field 00403nam a2200145Ia 4500
005 - DATE AND TIME OF LATEST TRANSACTION
control field 20250410031807.0
008 - FIXED-LENGTH DATA ELEMENTS--GENERAL INFORMATION
fixed length control field 240331s9999 xx 000 0 und d
082 ## - DDC Classification
Class No. 142
Item Number - Author Mark RAV
100 ## - MAIN ENTRY--PERSONAL NAME
Personal name Ravindram, N
245 #0 - TITLE STATEMENT
Title Pin navenaththuvamum alakiyalum
260 ## - PUBLICATION, DISTRIBUTION, ETC.
Place of publication, distribution, etc. Vavuniya
Name of publisher, distributor, etc. vaavuniya kalai ilakkiya nanbarkal vattam
Date of publication, distribution, etc. 1997
300 ## - PHYSICAL DESCRIPTION
Extent (e.g. Volumes, Pages etc.) Vii, 96 p .,
500 ## - GENERAL NOTE
General note Post Modernism and Aesthetics
942 ## - Koha item type (Biblio)
Koha item type Books in Stacks (Lending)
Holdings
Lost status Damaged status Collection code Home library Current library Shelving location Date acquired Full call number Accession Number Item type
    Lending WERC Library WERC Library Social Science Cupboard 03/31/2024 142 RAV 2495 Books in Stacks (Lending)

© WERC Library